000 01179nam a2200313 i 4500
001 000038043
003 DO-SdBNP
005 20260427143417.0
007 ta
008 110210s1998 dr 000 0 spa d
040 _aDO-SdBNP
_bspa
_cBNPHU
_erda
041 _aspa
082 4 _a346.72930135
_bR426co 1998
_222
110 1 _aRepública Dominicana
_9447
240 1 0 _a[Leyes, etc.].
245 1 0 _aCódigo del menor, reglamento :
_bampliado con ley núm. 24-97, que lo modifica y completa.
246 1 4 _aLey 14-94 decreto nº 59-95, código del menor:
_bcódigo y reglamento pra la protección de niños, niñas y adolescentes, ampliado con la ley 24-97
246 1 8 _aCódigo del menor Ley 14-94
264 _aMoca, República Dominicna :
_bEditora Dalis,
_c1998.
300 _a104 páginas ;
_c22 cm.
336 _atexto
_btxt
_2rdacontent
337 _asin mediación
_bn
_2rdamedia
338 _avolumen
_bnc
_2rdacarrier
590 _aInventariado, 2018/LP
650 4 _aNiños
_xSituación legal
_zRepública Dominicana
_964438
650 4 _aDerechos de los niños
_zRepública Dominicana
_964439
910 _aValidado. Control de calidad MFF
942 _2ddc
_cLBS1
999 _c37533
_d37533